Načítá se...
Biotechnology unzipped:promises & realities
| Hlavní autor: | |
|---|---|
| Médium: | Printed Book |
| Vydáno: |
Hyderabad
Universities Press
1998
|
| Témata: |
| LEADER | 00491cam a2200157ua 4500 | ||
|---|---|---|---|
| 020 | |a 81-7371-144-5 | ||
| 082 | |a 660.6 |b GRA/B | ||
| 100 | 0 | |a Grace, Eric S. | |
| 245 | 1 | 0 | |a Biotechnology unzipped:promises & realities |
| 260 | |a Hyderabad |b Universities Press |c 1998 | ||
| 300 | |a xv,248p. | ||
| 650 | |a Chemical engineering | ||
| 650 | 0 | |a Biotechnology | |
| 942 | |c BK | ||
| 999 | |c 3727 |d 3727 | ||
| 952 | |0 0 |1 0 |4 0 |6 660_600000000000000_GRAB |7 0 |9 3881 |a KUCL |b KUCL |d 2014-05-23 |l 0 |o 660.6 GRA/B |p 06869 |r 2014-05-23 |y BK | ||